Pharmacotherapy : A pathophysiologic approach
Đã lưu trong:
| 格式: | 图书 |
|---|---|
| 语言: | Undetermined |
| 出版: |
New York
McGraw-Hill
2005
|
| 主题: | |
| 标签: |
添加标签
没有标签, 成为第一个标记此记录!
|
| Thư viện lưu trữ: | Trung tâm Học liệu Trường Đại học Cần Thơ |
|---|
| LEADER | 00541nam a2200193Ia 4500 | ||
|---|---|---|---|
| 001 | CTU_100300 | ||
| 008 | 210402s9999 xx 000 0 und d | ||
| 020 | |c 1610000 | ||
| 082 | |a 615.5 | ||
| 082 | |b P536 | ||
| 245 | 0 | |a Pharmacotherapy : | |
| 245 | 2 | |b A pathophysiologic approach | |
| 245 | 0 | |c Joseph T. Dipiro ... [ et al. ] | |
| 260 | |a New York | ||
| 260 | |b McGraw-Hill | ||
| 260 | |c 2005 | ||
| 650 | |a Chemotherapy,Physiology, pathological,Drug therapy | ||
| 904 | |i Giang | ||
| 980 | |a Trung tâm Học liệu Trường Đại học Cần Thơ | ||